000 00885nam a22002537i 4500
999 _c22894
_d22894
003 AR-CdUCM
008 240513b20132013 pe||||| |||| 00| 0 spa d
020 _a978-612-46128-7-9
040 _aMUNICIPALIDAD PROVINCIAL DEL CUSCO
_cBIBLIOTECA MUNICIPAL DEL CUSCO
082 _a869.56 / P456P
_bP456P
100 _aPérez Ocampo, Gustavo.
_949830
245 _aPoesía Completa /
260 _aLima :
_bMinisterio de Cultura,
_bDirección Regional de Cultura Cusco,
_c2013
300 _a468 páginas. :
_c22 cm.
650 _aDiez poemas para mañana
_949831
650 _aCuaderno de la soledad inmortal
_949832
650 _aCalendario para el alba
_949833
650 _aPlural desvelo
_949834
650 _aLitoral entre la fé y el olvido
_949835
650 _aEl corazón iluminado
_949836
650 _aPoemas sueltos
_949837
942 _2ddc
_cLIBROS
945 _apbj
_d2024-05-13